000
00367cam a2200169ua 4500
020
_c
Rs. 2.45
041
_a
mal
_h
082
_a
321.094
_b
VIS/LO
100
_a
Viswanathan, R .
245
_a
Lokaviplavam
260
_a
Calicut :
_b
P.K Brothers ,
_c
1962.
300
_a
220 ; .
365
_a
Rs. 2.45
504
_a
942
_c
BK
999
_c
633
_d
633